[Event "2nd SUFE Cup Rapid"]
[Site "Shanghai CHN"]
[Date "2001.06.01"]
[Round "4"]
[White "Gaprindashvili,N"]
[Black "Xu Yuhua"]
[Result "1/2-1/2"]
[WhiteElo "2381"]
[BlackElo "2501"]

1.d4 Nf6 2.c4 e6 3.Nc3 Bb4 4.g3 O-O 5.Bg2 Bxc3+ 6.bxc3 Nc6 7.Nf3 Rb8 8.O-O d6
9.Nd2 e5 10.e3 Bf5 11.e4 Bg4 12.f3 Bd7 13.Nb3 Qe7 14.Be3 b6 15.Re1 a5 16.c5 dxc5
17.dxc5 b5 18.Nd2 a4 19.Bf1 Na5 20.Qc2 Bc6 21.Rab1 Nd7 22.Qc1 f5 23.exf5 Rxf5
24.Qa3 Kh8 25.Qb4 Nb7 26.Qg4 Rff8 27.Bxb5 Bxb5 28.Rxb5 Nbxc5 29.Reb1 Rxb5
30.Rxb5 c6 31.Rb4 Qd6 32.Qc4 Qd5 33.Rb1 Rc8 34.Kg2 Kg8 35.Rb4 Rf8 36.Rb1 Kh8
37.Qxd5 cxd5 38.Rb5 Rc8 39.f4 exf4 40.Bxf4 Kg8 41.Be3 Kf7 42.Bd4 g6 43.Nf3 h6
44.Ra5 Ke6 45.g4 Ne4 46.Rxa4 Nxc3 47.Ra6+ Kf7 48.Ra7 Ke6 49.Ra6+ Kf7 50.a4 Ne4
51.Ra7 Rc2+ 52.Kf1 Ke6 53.Be3 Rc3 54.Ke2 h5 55.gxh5 gxh5 56.Nd4+ Ke7 57.a5 Ra3
58.Bf4 Nc5 59.Nb5 Ra2+ 60.Ke3 Ra4 61.Bg5+ Ke6 62.Nd4+ Kf7 63.Bd8 Ra3+ 64.Kf4 Ra4
65.Ke3 Ra3+ 66.Kf4 Ra4  1/2-1/2

[Event "2nd SUFE Cup Rapid"]
[Site "Shanghai CHN"]
[Date "2001.06.03"]
[Round "9"]
[White "Xu Yuhua"]
[Black "Gaprindashvili,N"]
[Result "1-0"]
[WhiteElo "2501"]
[BlackElo "2381"]

1.e4 d6 2.d4 g6 3.Nc3 Bg7 4.Nf3 e6 5.Bg5 Ne7 6.Qd2 h6 7.Be3 a6 8.Bd3 Nd7
9.Ne2 b6 10.Ng3 Bb7 11.O-O c5 12.c3 Qc7 13.c4 e5 14.d5 Kf8 15.h4 Nf6 16.Nh2 Re8
17.Kh1 Bc8 18.b4 Kg8 19.bxc5 bxc5 20.Rab1 Kh7 21.f4 exf4 22.Rxf4 Rhf8 23.Rbf1 Neg8
24.h5 Qe7 25.Qf2 Kh8 26.Bc2 Bd7 27.Bc1 g5 28.Rf3 Qe5 29.Rb3 Ng4 30.Nxg4 Bxg4
31.Rb7 Re7 32.Rb6 Qc3 33.Bb2 Qxb2 34.Rxb2 Bxb2 35.Bd1 Bd4 36.Qc2 Bd7 37.Qb1 Be5
38.Ne2 Bc8 39.Ng1 Rb7 40.Qd3 Rb2 41.Nf3 Bg7 42.Qa3 Rb4 43.Nd2 Nf6 44.Qg3 Ne8
45.Qd3 Be5 46.Bc2 Kg7 47.Nf3 Nf6 48.Nxe5 dxe5 49.Bd1 Rb6 50.Re1 Bd7 51.Qa3 Rc8
52.Qc3 Re8 53.Qa5 Rb1 54.Kh2 Rc1 55.Qxc5 Bg4 56.Qg1 Bxd1 57.Rxd1 Rxc4 58.d6 Nxe4
59.d7 Rd8 60.Qb6  1-0

[Event "FIDE WCh Women KO"]
[Site "Moscow RUS"]
[Date "2001.11.27"]
[Round "1.1"]
[White "Gaprindashvili,N"]
[Black "Zielinska,Mar"]
[Result "1-0"]
[WhiteElo "2349"]
[BlackElo "2405"]

1.d4 Nf6 2.c4 c5 3.d5 g6 4.Nc3 d6 5.e4 Bg7 6.h3 O-O 7.Nf3 e6 8.Bd3 Na6 9.O-O e5
10.a3 h6 11.Be3 Nh7 12.Qd2 f5 13.Bxh6 f4 14.Bxg7 Kxg7 15.Rfb1 Ng5 16.Nxg5 Qxg5
17.Kf1 Rh8 18.Qe2 f3 19.Qxf3 Bxh3 20.gxh3 Raf8 21.Qg2 Qe3 22.Be2 Rxh3 23.Nd1 Qh6
24.Bg4 Rh1+ 25.Ke2 Rf4 26.Ne3 Rh2 27.Qg3 Rfxf2+ 28.Qxf2 Rxf2+ 29.Kxf2 Qh2+
30.Kf3 Qf4+ 31.Ke2 Qxe4 32.Rg1 Qd4 33.Bf5 e4 34.Rad1 Qxb2+ 35.Rd2 Qe5 36.Rxg6+ Kf8
37.Rg4 Qh2+ 38.Kd1 Qh1+ 39.Kc2 Qa1 40.Rxe4 Qxa3 41.Kd1 Qa1+ 42.Ke2 Nb4 43.Kf3 Qh1+
44.Kg4 Qe1 45.Rh2 Qg1+ 46.Rg2 Qh1 47.Bg6 a5 48.Kg5  1-0

[Event "Open"]
[Site "Dubai UAE"]
[Date "2002.04.17"]
[Round "3"]
[White "Gaprindashvili,N"]
[Black "Filippov,V"]
[Result "0-1"]
[WhiteElo "2336"]
[BlackElo "2625"]

1.d4 d5 2.c4 e6 3.Nf3 Nf6 4.Bg5 h6 5.Bxf6 Qxf6 6.Nc3 c6 7.a3 Nd7 8.e4 dxe4
9.Nxe4 Qf4 10.Bd3 Be7 11.O-O O-O 12.Re1 Rd8 13.Qe2 Nf8 14.Rad1 Qc7 15.Bb1 Bd7
16.Ne5 Be8 17.c5 f6 18.Nc4 Bg6 19.Ba2 b5 20.Ncd6 f5 21.Ng3 Bxd6 22.Bxe6+ Nxe6
23.Qxe6+ Kh7 24.cxd6 Rxd6 25.Qe5 Re8 26.Qc5 Rd5 27.Qc3 Rxe1+ 28.Rxe1 f4 29.Ne4 Qd8
30.Nc5 Qf6 31.Ne6 Rd6 32.d5 Qxc3 33.bxc3 cxd5 34.Nxf4 Ra6 35.Ra1 d4 36.cxd4 b4
37.Nxg6 Rxa3 38.Nf8+ Kg8 39.Rb1 Kxf8 40.f3 a5 41.Kf2 Ke7 42.Re1+ Kd6 43.Re5 a4
44.Rb5 Rb3 45.Kg3 a3 46.Ra5 Rb2 47.Kf4 a2  0-1

[Event "Open"]
[Site "Dubai UAE"]
[Date "2002.04.18"]
[Round "4"]
[White "Hussan,M"]
[Black "Gaprindashvili,N"]
[Result "0-1"]
[WhiteElo "2152"]
[BlackElo "2336"]

1.e4 b6 2.d4 Bb7 3.Bd3 g6 4.Nf3 Bg7 5.O-O d6 6.c3 e6 7.Bg5 Ne7 8.Nbd2 Nd7
9.Re1 h6 10.Bh4 O-O 11.e5 dxe5 12.dxe5 g5 13.Bxg5 hxg5 14.Nxg5 Nf5 15.Qh5 Bh6
16.Nxe6 fxe6 17.Qg6+ Bg7 18.Qxe6+ Rf7 19.Bc4 Nh6 20.Qg6 Kf8 21.Bxf7 Nxf7
22.Qc2 Bxe5 23.Rad1 Qh4 24.Nf1 Re8 25.Re3 Re6 26.Rde1 Qg5 27.f3 Rg6 28.Qf2 Bd6
29.h4 Qf6 30.b4 Bf4 31.Rd3 Nde5  0-1

[Event "Open"]
[Site "Dubai UAE"]
[Date "2002.04.22"]
[Round "6"]
[White "Saleh,Nag"]
[Black "Gaprindashvili,N"]
[Result "0-1"]
[WhiteElo "2271"]
[BlackElo "2336"]

1.Nf3 g6 2.d4 Bg7 3.g3 d6 4.Bg2 Nd7 5.O-O e5 6.dxe5 dxe5 7.c4 Ne7 8.Nc3 O-O
9.e4 c6 10.Qd6 Nb8 11.c5 Bg4 12.Rd1 Qxd6 13.Rxd6 Na6 14.Be3 h6 15.h3 Be6
16.Rad1 Rae8 17.Bf1 Nc8 18.R6d2 f5 19.Bxa6 bxa6 20.exf5 gxf5 21.Kh2 Rf7 22.Rd8 Rxd8
23.Rxd8+ Kh7 24.Ne1 Bd7 25.Nd3 Bf6 26.Rxd7 Rxd7 27.Nb4 Ne7 28.Nxa6 Bg5 29.f4 exf4
30.gxf4 Bf6 31.Nb4 a5 32.Nc2 Rd3 33.Na4 Nd5 34.Bc1 Rd1 35.Be3 Kg6 36.Kg2 Nxe3+
37.Nxe3 Rd4 38.b3 Rxf4 39.Nc4 Bd4 40.Nxa5 Rf2+ 41.Kh1 f4 42.Nxc6 Be3 43.Ne5+ Kg5
44.c6 Kh4 45.c7 Kg3  0-1

[Event "3rd EIWCh"]
[Site "Varna BUL"]
[Date "2002.05.28"]
[Round "2"]
[White "Movsisian,N"]
[Black "Gaprindashvili,N"]
[Result "0-1"]
[WhiteElo "2078"]
[BlackElo "2336"]

1.f4 d5 2.Nf3 g6 3.g3 Bg7 4.Bg2 c5 5.O-O Nc6 6.d3 Nf6 7.Nc3 b6 8.e4 dxe4
9.dxe4 Ba6 10.Re1 Qxd1 11.Rxd1 Rc8 12.Bh3 e6 13.e5 Nd7 14.Be3 Ke7 15.Ng5 h6
16.Nxf7 Rhf8 17.Nd6 Rcd8 18.Ncb5 Ndxe5 19.fxe5 Nxe5 20.a4 Nf3+ 21.Kg2 Nd4
22.Bxd4 cxd4 23.Re1 Rxd6 24.Nxd6 Kxd6 25.Rxe6+ Kc5 26.Re7 Bf6 27.Rc7+ Kb4
28.Be6 Re8 29.c3+ dxc3 30.bxc3+ Ka5 31.Re1 b5 32.axb5 Bxb5 33.c4 Kb6 34.Rb7+ Kxb7
35.Bd5+ Kc7 36.Rf1 Bxc4 37.Bxc4 Bd4 38.Bf7 Re2+ 39.Kf3 Rxh2 40.Bxg6 a5 41.Ke4 Bb2
42.Kd5 a4 43.Kc4 a3 44.Kb3 Kd6 45.Bb1 Ke5 46.Rf5+ Kd4 47.Rf3 Bc1 48.Rd3+ Ke5
49.Rd1 Rb2+ 50.Kxa3 Rxb1+ 51.Ka2 Rb2+ 52.Ka1 Rb3 53.Rxc1 Rxg3 54.Kb2 Ke4
55.Rh1 Rg6 56.Kc2 Rd6 57.Rh2 Kf4 58.Rh1 Kf3 59.Rh2 Kg4 60.Rg2+ Kh3 61.Rg1 h5
62.Rh1+ Kg4 63.Rg1+ Kf3 64.Rh1 Rd5 65.Rf1+ Kg2 66.Rf8 h4 67.Rg8+ Kh2 68.Rh8 h3
69.Rh7 Rg5  0-1

[Event "3rd EIWCh"]
[Site "Varna BUL"]
[Date "2002.05.29"]
[Round "3"]
[White "Gaprindashvili,N"]
[Black "Koskoska,G"]
[Result "0-1"]
[WhiteElo "2336"]
[BlackElo "2229"]

1.d4 Nf6 2.c4 c5 3.d5 b5 4.cxb5 a6 5.b6 e6 6.Nc3 Nxd5 7.Nxd5 exd5 8.Qxd5 Nc6
9.Nf3 Rb8 10.e4 Be7 11.Bc4 O-O 12.O-O Rxb6 13.Ng5 Qe8 14.Qf5 Bxg5 15.Qxg5 Ne5
16.Bd5 Nf3+ 17.gxf3 Rg6 18.Qxg6 hxg6 19.Bf4 Qe7 20.Rfd1 Kh7 21.Rd3 d6 22.Rad1 Bh3
23.Bc4 f5 24.Re3 Qf6 25.Rxd6 Qxb2 26.Rd1 Rd8 27.Bd5 c4 28.Bg5 f4 29.Bxf4 c3
30.Ree1 c2 31.Rd3 Qb4 32.Bd2 Qb5 33.Rb3 Qc5 34.f4 Bg4 35.Be3 Qa5 36.Rf1 Rxd5
37.exd5 Qxd5 38.Bc1 Be2 39.Re3 Qd1 40.Rxe2 Qxe2 41.h3 Kh6 42.Kg2 Kh5 43.a3 a5
44.Be3 Qd1 45.Rg1 g5 46.fxg5 Kg6 47.Bc1 Kf5 48.Kh2 Ke4 49.Be3 Kf3 50.h4 Qd6+
51.Kh3 Qe6+ 52.Kh2 Qe4 53.Kh3 g6 54.Rg3+ Ke2 55.Rg1 Qf5+ 56.Kh2 Qe5+ 57.Kh3 Qd6
58.Kg2 Qxa3 59.h5 Qb4 60.h6 Qg4+ 61.Kh2 Qh4+ 62.Kg2 a4 63.Rc1 Qg4+ 64.Kh2  0-1

[Event "3rd EIWCh"]
[Site "Varna BUL"]
[Date "2002.05.31"]
[Round "5"]
[White "Gaprindashvili,N"]
[Black "Bogza,A"]
[Result "1-0"]
[WhiteElo "2336"]
[BlackElo "2251"]

1.d4 g6 2.c4 Bg7 3.Nf3 c5 4.d5 e6 5.e4 exd5 6.exd5 d6 7.h3 f5 8.Bd3 Qe7+
9.Kd2 Nd7 10.Kc2 Ne5 11.Re1 Bd7 12.Nc3 O-O-O 13.Bf4 h6 14.Nxe5 dxe5 15.Bxe5 Bxe5
16.f4 Bxf4 17.Rxe7 Nxe7 18.Qg1 Bd6 19.Re1 Kb8 20.Kb1 Rhe8 21.Bc2 Bg3 22.Rd1 Bd6
23.Ba4 Nc8 24.Bxd7 Rxd7 25.Nb5 Re4 26.Nxd6 Nxd6 27.Qxc5 Rxc4 28.Qe3 Ne4 29.Qxh6 Rd6
30.Qh8+ Kc7 31.Qg7+ Kb6 32.Qe5 Kc5 33.a3 a5 34.Qg7 b6 35.b3 Nc3+ 36.Kc2 Nxd5+
37.bxc4 Ne3+ 38.Kb3 a4+ 39.Kxa4 b5+ 40.cxb5 Rxd1 41.Qa7+  1-0

[Event "3rd EIWCh"]
[Site "Varna BUL"]
[Date "2002.06.03"]
[Round "7"]
[White "Gaprindashvili,N"]
[Black "Nepeina Leconte,M"]
[Result "1/2-1/2"]
[WhiteElo "2336"]
[BlackElo "2308"]

1.d4 d5 2.c4 e6 3.Nf3 c5 4.cxd5 exd5 5.g3 Nc6 6.Bg2 Nf6 7.O-O Be7 8.Nc3 O-O
9.Bg5 cxd4 10.Nxd4 h6 11.Be3 Re8 12.Qa4 Bd7 13.Rad1 Nb4 14.Qb3 a5 15.a4 Rc8
16.Ndb5 Be6 17.Bd4 Ne4 18.Nxe4 dxe4 19.Qe3 Bg5 20.f4 exf3 21.Qxf3 Bd5 22.Qf2 Rc2
23.Nc3 Bb3 24.h4 Qxd4 25.Rxd4 Be3 26.Qxe3 Rxe3 27.Rd8+ Kh7 28.Kf2 Re7 29.Be4+ Rxe4
30.Nxe4 Rxb2 31.Ke3 Nd5+ 32.Kd4 Nb6 33.Rb8 Bd5 34.Nc3 Rb4+ 35.Ke3 Be6 36.Rf4 Rb3
37.Kd2 Nc4+ 38.Kd3 Na3 39.Kd2 Nc4+ 40.Kd3 Na3 41.Rf3 Nc4 42.Kd4 Rb4 43.Nd5 Rxa4
44.Kc5 Ne5 45.Nb6 Re4 46.Ra3 Rxe2 47.Rxb7 Rd2  1/2-1/2

[Event "3rd EIWCh"]
[Site "Varna BUL"]
[Date "2002.06.05"]
[Round "9"]
[White "Gaprindashvili,N"]
[Black "Galojan,L"]
[Result "1/2-1/2"]
[WhiteElo "2336"]
[BlackElo "2163"]

1.d4 Nf6 2.c4 e6 3.Nf3 b6 4.g3 Ba6 5.Qa4 Be7 6.Nc3 O-O 7.Bg2 Bb7 8.O-O Ne4
9.Qc2 Nxc3 10.bxc3 f5 11.d5 Na6 12.Rd1 Qe8 13.Nd4 exd5 14.Nxf5 Bc5 15.cxd5 Bxf2+
16.Kxf2 Qh5 17.e4 g6 18.Kg1 gxf5 19.e5 Nc5 20.Bf4 Rae8 21.c4 Qg6 22.Re1 c6
23.e6 cxd5 24.exd7 Nxd7 25.cxd5 Nc5 26.Rad1 Ne4 27.Qb3 Rf7 28.Rc1 Rd7 29.Red1 Qf7
30.d6 Qxb3 31.axb3 Red8 32.b4 Kf7 33.Rd4 a6 34.g4 Rg8 35.h3 h5 36.g5 Nxg5
37.Bxb7 Rxb7 38.Bxg5 Rxg5+ 39.Kf2 Rg8 40.Kf3 Rd7 41.Rc6 a5 42.b5 Ra8 43.Rxb6 a4
44.Ra6 Rb8 45.b6 Ke6 46.Rdxa4 Rxd6 47.Rb4 Rd3+ 48.Kf4 Rxh3 49.b7+ Kd7 50.Kxf5 Kc7
51.Rh6 Rd3 52.Rh7+ Kc6 53.Rc4+ Kb6 54.Rcc7 Rb3 55.Rcg7 Ka7  1/2-1/2

[Event "3rd EIWCh"]
[Site "Varna BUL"]
[Date "2002.06.06"]
[Round "10"]
[White "Kadziolka,B"]
[Black "Gaprindashvili,N"]
[Result "1-0"]
[WhiteElo "2235"]
[BlackElo "2336"]

1.e4 c5 2.Nf3 Nc6 3.d4 cxd4 4.Nxd4 Nf6 5.Nc3 d6 6.Bg5 Bd7 7.Qd2 Rc8 8.f4 Nxd4
9.Qxd4 Qa5 10.e5 dxe5 11.fxe5 e6 12.O-O-O Bc6 13.Nb5 Bxb5 14.exf6 Bc6 15.h4 Rg8
16.Bc4 gxf6 17.Rhe1 Qc5 18.Bxe6 Qxd4 19.Bxc8+ Be7 20.Rxd4 fxg5 21.h5 Kf8
22.g4 h6 23.Bd7 Bc5 24.Rd3 Kg7 25.Bxc6 bxc6 26.Rd7 Rb8 27.c3 Bb6 28.Ree7 Rf8
29.Re6 c5 30.a3 Kh7 31.Kc2 c4 32.Rc6 Kg7 33.Rxc4 Re8 34.Rc6 Re4 35.Rg6+ Kf8
36.Rxh6 Rxg4 37.Rf6 Rh4 38.h6 Ke8 39.Rdxf7 g4 40.Rg7  1-0

[Event "Botvinnik Mem A"]
[Site "Elista RUS"]
[Date "2002.08.18"]
[Round "2"]
[White "Bykhovsky,An RUS"]
[Black "Gaprindashvili,N"]
[Result "1/2-1/2"]
[WhiteElo "2378"]
[BlackElo "2318"]

1.e4 g6 2.d4 c6 3.Nc3 d5 4.h3 Nh6 5.Nf3 f6 6.Bd3 Bg7 7.O-O Nf7 8.Re1 O-O
9.Qe2 e6 10.Bd2 Nd7 11.exd5 exd5 12.Bf4 Nb6 13.a4 Bd7 14.a5 Nc8 15.Na4 b6
16.Qd2 Re8 17.b3 Bf8 18.Rxe8 Bxe8 19.axb6 axb6 20.Re1 Nfd6 21.Bh6 Bf7 22.Bxf8 Qxf8
23.Qf4 Kg7 24.h4 Ra7 25.g4 Re7 26.Re3 Rxe3 27.Qxe3 Qe8 28.Qf4 Qe7 29.g5 Be8
30.Kg2 Bd7 31.gxf6+ Qxf6 32.Qe5 Nf7 33.Qc7 Qd6 34.Qxd6 Nfxd6 35.Ne5 Be8 36.Kg3 Kf6
37.Kf4 Ke6 38.h5 gxh5 39.Bxh7 Kf6 40.Bd3 Nb5 41.Bxb5 cxb5 42.Nc3 Ke6 43.Kg5 Nd6
44.Nd3 Nf7+ 45.Kh4 Nd6 46.Nf4+ Kf5 47.Nfxd5 Bf7 48.f3 b4 49.Nxb4 Kf4 50.Nd3+ Ke3
51.Ne5 Be8 52.Nc4+ Nxc4 53.bxc4 Kxd4 54.Nd5 Kxc4 55.Nxb6+ Kc3 56.Nd5+ Kxc2
57.Nf6 Kd3 58.f4 Ke3 59.Kg5 Bf7 60.f5 h4  1/2-1/2

[Event "Botvinnik Mem A"]
[Site "Elista RUS"]
[Date "2002.08.19"]
[Round "3"]
[White "Gaprindashvili,N"]
[Black "Razuvaev,Y"]
[Result "1/2-1/2"]
[WhiteElo "2318"]
[BlackElo "2540"]

1.d4 Nf6 2.c4 e6 3.g3 Bb4+ 4.Bd2 Be7 5.Nc3 d5 6.Bg2 O-O 7.cxd5 exd5 8.Nh3 c6
9.Qc2 Na6 10.a3 Nc7 11.Nf4 Ne6 12.Nxe6 Bxe6 13.O-O Qd7 14.b4 Bh3 15.Bg5 Bxg2  1/2-1/2

[Event "Botvinnik Mem A"]
[Site "Elista RUS"]
[Date "2002.08.25"]
[Round "8"]
[White "Gligoric,S"]
[Black "Gaprindashvili,N"]
[Result "1/2-1/2"]
[WhiteElo "2459"]
[BlackElo "2318"]

1.d4 d5 2.Nf3 e6 3.c4 Be7 4.Nc3 Nf6 5.Bg5 Nbd7 6.e3 h6 7.Bh4 O-O 8.Rc1 c6
9.Bd3 dxc4 10.Bxc4 b5 11.Bd3 Bb7 12.O-O Rc8 13.a3 a5 14.Qe2 b4 15.axb4 axb4
16.Bxf6 Nxf6 17.Ne4 c5 18.Nxc5 Bxc5 19.dxc5 Qe7 20.Rc4 Nd7 21.c6  1/2-1/2

[Event "IEWCC"]
[Site "Istanbul TUR"]
[Date "2003.06.12"]
[Round "9"]
[White "Gaprindashvili,N"]
[Black "Kadziolka,B"]
[Result "1/2-1/2"]
[WhiteElo "2318"]
[BlackElo "2206"]

1.d4 Nf6 2.c4 c5 3.d5 b5 4.cxb5 a6 5.b6 e6 6.Nc3 Bb7 7.e4 exd5 8.exd5 d6
9.a4 a5 10.Bb5+ Nbd7 11.Bg5 Be7 12.Bxf6 Bxf6 13.Qg4 h5 14.Qh3 Bxc3+ 15.bxc3 Bxd5
16.Ne2 Be6 17.Qg3 O-O 18.Qxd6 Qxb6 19.O-O-O Qxd6 20.Rxd6 Nf6 21.f3 Rad8 22.Rhd1 Rxd6
23.Rxd6 Nd5 24.Kd2 h4 25.g3 g5 26.Nc1 Rb8 27.c4 hxg3 28.hxg3 Ne7 29.g4 Ng6
30.Nd3 Kf8 31.Nxc5 Ke7 32.Rd4 Ne5 33.Ke3 Bxc4 34.Rxc4 Rxb5 35.axb5 Nxc4+
36.Kd4 Nd2 37.Kd5 Nxf3 38.b6 Kd8 39.Kd6 Kc8 40.b7+ Kb8 41.Kc6 Ne5+ 42.Kb6 Nc4+
43.Ka6 Ne5 44.Kb6 Nc4+  1/2-1/2

[Event "IEWCC"]
[Site "Istanbul TUR"]
[Date "2003.06.13"]
[Round "10"]
[White "Flear,C"]
[Black "Gaprindashvili,N"]
[Result "0-1"]
[WhiteElo "2213"]
[BlackElo "2318"]

1.d4 g6 2.c4 d6 3.e4 Nd7 4.Nc3 e5 5.f4 Bg7 6.fxe5 dxe5 7.d5 Nh6 8.Nf3 O-O
9.Be2 f6 10.O-O Nf7 11.Be3 f5 12.exf5 gxf5 13.Qd2 Qe7 14.Qc2 Nf6 15.Nh4 f4
16.Bd3 Ng5 17.Bf2 e4 18.Nxe4 Nfxe4 19.Rfe1 Re8 20.Re2 Nh3+ 21.gxh3 Qg5+ 22.Bg3 Bd4+
23.Kh1 Nxg3+ 24.hxg3 Rxe2 25.Qxe2 Be3 26.gxf4 Qxh4 27.Qxe3 Bxh3 28.Rg1+ Kf7
29.Qg3 Bg2+ 30.Kxg2 Rg8 31.Qxg8+ Kxg8 32.Kf3+ Kf8 33.Rg5 Qh1+ 34.Rg2 h5 35.Kf2 h4
36.Be4 Qc1 37.Kf3 Qd1+ 38.Kf2 Kf7 39.b3 h3 40.Rh2 Qd2+ 41.Kg3 Qe1+ 42.Kf3 Qf1+
43.Kg3 Qg1+ 44.Kxh3 Qe3+ 45.Kg4 Qxe4 46.Rf2 Kf6 47.Rh2 Kg6 48.Rf2 Qe1 49.f5+ Kf6
50.Rf3 a5 51.a3 Qg1+ 52.Kf4 a4 53.bxa4 Qd4+ 54.Kg3 Qxc4 55.a5 Qxd5 56.a6 bxa6
57.Rf2 c5  0-1

[Event "IEWCC"]
[Site "Istanbul TUR"]
[Date "2003.06.14"]
[Round "11"]
[White "Pokorna,Reg"]
[Black "Gaprindashvili,N"]
[Result "1-0"]
[WhiteElo "2418"]
[BlackElo "2318"]

1.e4 c5 2.Nf3 Nc6 3.d4 cxd4 4.Nxd4 Nf6 5.Nc3 d6 6.Bc4 Bd7 7.O-O g6 8.h3 Nxd4
9.Qxd4 Bg7 10.Bg5 h6 11.Be3 O-O 12.Qd3 Bc6 13.Rad1 a6 14.e5 Nd7 15.f4 dxe5
16.Qxg6 e6 17.Qg3 exf4 18.Rxf4 Qb8 19.Rdf1 Kh8 20.Qh4 f5 21.Rxf5 Rxf5 22.Rxf5 exf5
23.Bxh6 Nf8  1-0

[Event "4th Botvinnik Mem"]
[Site "Satka RUS"]
[Date "2004.08.27"]
[Round "1"]
[White "Vasiukov,E"]
[Black "Gaprindashvili,N"]
[Result "1-0"]
[WhiteElo "2514"]
[BlackElo "2309"]

1.e4 b6 2.d4 Bb7 3.Nd2 e6 4.Ngf3 g6 5.Bd3 Bg7 6.O-O Ne7 7.Re1 O-O 8.Nf1 d6
9.Ng3 c5 10.c3 Nbc6 11.Be3 e5 12.d5 Nb8 13.a4 a5 14.Nd2 f5 15.exf5 Nxf5 16.Nxf5 gxf5
17.Qh5 Qf6 18.Bg5 Qg6 19.Qxg6 hxg6 20.Bb5 Bxd5 21.Nc4 Bxc4 22.Bxc4+ Kh7 23.Re3  1-0

[Event "4th Botvinnik Mem"]
[Site "Satka RUS"]
[Date "2004.09.03"]
[Round "8"]
[White "Savon,V"]
[Black "Gaprindashvili,N"]
[Result "1-0"]
[WhiteElo "2451"]
[BlackElo "2309"]

1.d4 g6 2.e4 c6 3.Nc3 d5 4.h3 Nh6 5.Nf3 f6 6.Bf4 Nf7 7.exd5 cxd5 8.Bxb8 Rxb8
9.Bb5+ Bd7 10.Qe2 a6 11.Nxd5 Qa5+ 12.b4 Bxb5 13.bxa5 Bxe2 14.Kxe2 Rc8 15.Kd3 Nd8
16.Rab1 Kf7 17.Rb6 e6 18.Ne3 Rc7 19.Rhb1 Rd7 20.Nc4 Ke8 21.c3 Rg8 22.Nfd2 Be7
23.Ne4 Kf8 24.Ned6 Bxd6 25.Nxd6 Rgg7 26.Ne4 Rgf7 27.Nc5 Rde7 28.Rd6 Ke8 29.Rbb6 e5
30.d5 f5 31.Rxd8+ Kxd8 32.d6 Re8 33.Nxb7+ Kc8 34.Nc5 e4+ 35.Kd4 f4 36.Nxe4 Ra7
37.Kd5 Rb7 38.Nc5  1-0

[Event "BDO Masters"]
[Site "Haarlem NED"]
[Date "2005.08.27"]
[Round "1"]
[White "Strating,S"]
[Black "Gaprindashvili,N1"]
[Result "0-1"]
[WhiteElo "2297"]
[BlackElo "2318"]

1.d4 g6 2.c4 Bg7 3.Nc3 d6 4.Nf3 Nd7 5.g3 e5 6.Bg2 Nh6 7.e4 O-O 8.O-O c6 9.Re1 f6
10.Rb1 Nf7 11.b4 Re8 12.d5 c5 13.a3 f5 14.Qc2 Nb6 15.Nd1 Bd7 16.Be3 Rc8 17.b5 Qf6
18.Qc1 Rf8 19.a4 Rce8 20.a5 Nc8 21.Rb3 h6 22.Rf1 Kh7 23.Bd2 Nh8 24.exf5 gxf5
25.Nh4 Ng6 26.Nxg6 Qxg6 27.Kh1 Rg8 28.Qb1 Bf6 29.Rg1 Ne7 30.f4 e4 31.Ne3 h5
32.Bh3 Qh6 33.Qc1 Bd4 34.Rg2 h4 35.Nc2 Rg6 36.Qf1 Reg8 37.Be1 Qh5 38.Qe2 Qh6
39.Qf1 Bf6 40.Ne3 Qf8 41.gxh4 Rh6 42.Rxg8 Qxg8 43.Ng2 Ng6 44.Rg3 Qf7 45.Rg5 Ne7
46.Qe2 Bh8 47.Ne3 Bd4 48.Ng2 Qf6 49.Ne3 Qf7 50.Qd2 Kh8 51.Qe2 Qh7 52.Ng2 Be8
53.Qc2 Bh5 54.Bc3 Qf7 55.Bxd4+ cxd4 56.Bxf5 Nxf5 57.Qxe4 Bg6 58.Kg1 Qf6 59.Ne1 Nxh4
60.Qe6 Qxe6 61.dxe6 Kg7 62.Rd5 Nf5 63.c5 dxc5 64.Rxc5 Kf6 65.Nf3 Be8 66.Ng5 Rh4
67.Ne4+ Kg6 68.Ng3 Rxf4 69.Rc7 Bxb5 70.Rxb7 a6 71.Rb8 Nxg3 72.hxg3 Re4 73.Rd8 d3
74.Kf2 Rxe6 75.Rd5 Re2+ 76.Kg1 d2  0-1

[Event "BDO Masters"]
[Site "Haarlem NED"]
[Date "2005.08.28"]
[Round "2"]
[White "Gaprindashvili,N1"]
[Black "Michielsen,J"]
[Result "1-0"]
[WhiteElo "2318"]
[BlackElo "2320"]

1.d4 d5 2.c4 dxc4 3.Nf3 a6 4.e3 Nf6 5.Bxc4 e6 6.O-O c5 7.Bb3 Nc6 8.Qe2 cxd4
9.Rd1 Be7 10.exd4 O-O 11.Nc3 Nb4 12.Bg5 Re8 13.Rac1 Nfd5 14.Bd2 Bd7 15.Ne5 Nxc3
16.bxc3 Nc6 17.Nf3 Rc8 18.c4 Bf6 19.Bc3 Na5 20.Ne5 Bc6 21.Nxf7 Kxf7 22.Qh5+ g6
23.Qxa5 Qxa5 24.Bxa5 Kg7 25.Bb6 Bd7 26.a4 a5 27.Kf1 Rc6 28.c5 Rcc8 29.Bxa5 Ra8
30.Bc3 Bxa4 31.Bxa4 Rxa4 32.Rb1 Re7 33.Rb3 Rc4 34.Rdb1 Rd7 35.Ke2 Bxd4 36.Rxb7 Rxb7
37.Rxb7+ Kf6 38.Bxd4+ Rxd4 39.Rxh7 Rc4 40.Rc7 Rc2+ 41.Ke3 Ke5 42.Rc8 Rc3+
43.Kd2 Ra3 44.Rg8 Kd4 45.c6  1-0

[Event "BDO Masters"]
[Site "Haarlem NED"]
[Date "2005.08.29"]
[Round "3"]
[White "Jonkman,H"]
[Black "Gaprindashvili,N1"]
[Result "1/2-1/2"]
[WhiteElo "2454"]
[BlackElo "2318"]

1.e4 b6 2.d4 Bb7 3.Nd2 e6 4.Ngf3 g6 5.Bd3 Bg7 6.c3 d6 7.Nf1 Nd7 8.Ng3 Ne7
9.h4 h6 10.Bd2 a6 11.b4 c5 12.Rb1 Qc7 13.a4 e5 14.bxc5 bxc5 15.h5 g5 16.d5 c4
17.Bc2 a5 18.Be3 Ba6 19.O-O Nc5 20.Nh2 O-O 21.Ng4 Rfb8 22.Qf3 Bc8 23.Nf6+ Kf8
24.Nh7+ Kg8 25.Nf6+ Kf8 26.Nh7+ Kg8  1/2-1/2

[Event "BDO Masters"]
[Site "Haarlem NED"]
[Date "2005.08.30"]
[Round "4"]
[White "Gaprindashvili,N1"]
[Black "Hartoch,R"]
[Result "1-0"]
[WhiteElo "2318"]
[BlackElo "2272"]

1.d4 g6 2.c4 d6 3.Nc3 e5 4.dxe5 dxe5 5.Qxd8+ Kxd8 6.f4 Be6 7.Nf3 Nd7 8.fxe5 Bg7
9.Bg5+ Kc8 10.O-O-O h6 11.Bf4 Ne7 12.Nd4 g5 13.Bg3 Ng6 14.Nxe6 fxe6 15.e3 Ndxe5
16.Be2 Rd8 17.Nb5 b6 18.Nd4 Kb7 19.Nxe6 Rxd1+ 20.Rxd1 Bf6 21.Rf1 Bh8 22.Bh5 Nd3+
23.Kc2 Nge5 24.a3 Nc5 25.Nxc5+ bxc5 26.b3 Kb6 27.Rf5 Nc6 28.Rf7 Be5 29.Bxe5 Nxe5
30.Rf6+ c6 31.Re6 Nd7 32.Bf3 Rc8 33.Kc3 a5 34.g4 Nb8 35.Rxh6 Rf8 36.Be4 Rf2
37.Bf5 Re2 38.e4 Re3+ 39.Kc2 a4 40.bxa4 Rxa3 41.e5 Re3 42.e6 Na6 43.Rh7 Ka5
44.Kd2 Re5 45.Ra7 Kb6 46.Rd7 Ka5 47.e7 Kb6 48.Bg6  1-0

[Event "BDO Masters"]
[Site "Haarlem NED"]
[Date "2005.08.31"]
[Round "5"]
[White "Ris,R"]
[Black "Gaprindashvili,N1"]
[Result "0-1"]
[WhiteElo "2337"]
[BlackElo "2318"]

1.e4 b6 2.d4 Bb7 3.Nc3 e6 4.Bd3 g6 5.Nf3 Bg7 6.Bg5 Ne7 7.Qd2 h6 8.Be3 d6
9.O-O Nd7 10.a4 a6 11.Ne2 Nf6 12.Ng3 Ng4 13.Bf4 e5 14.dxe5 dxe5 15.Be3 O-O
16.Rfd1 Qe8 17.h3 Nxe3 18.Qxe3 Nc8 19.Bc4 Nd6 20.Bd5 Rd8 21.Bxb7 Nxb7 22.Qc3 Qe7
23.b4 Rd6 24.Qc4 Ra8 25.Rxd6 Qxd6 26.Ra3 Na5 27.Qc3 Nc6 28.Rb3 Bf8 29.b5 axb5
30.axb5 Nd4 31.Nxd4 exd4 32.Qd2 Ra2 33.Rf3 Bg7 34.Nf1 Qe5 35.Qd3 Qe6 36.h4 h5
37.g3 Rb2 38.c4 dxc3 39.Qd8+ Kh7 40.Qxc7 c2 41.Rxf7 Qxf7  0-1

[Event "BDO Masters"]
[Site "Haarlem NED"]
[Date "2005.09.01"]
[Round "6"]
[White "Gaprindashvili,N1"]
[Black "Nikolic,N BIH"]
[Result "1-0"]
[WhiteElo "2318"]
[BlackElo "2380"]

1.d4 d5 2.c4 c6 3.Nf3 Nf6 4.Qb3 dxc4 5.Qxc4 Bf5 6.g3 e6 7.Bg2 Be7 8.O-O O-O
9.e3 Nbd7 10.Qe2 h6 11.Nbd2 Ne4 12.Rd1 Qc7 13.Nh4 Bxh4 14.Nxe4 Be7 15.Nc3 Nb6
16.e4 Bg6 17.Be3 Rad8 18.Rac1 Qb8 19.f4 Rfe8 20.Bf2 Bf8 21.Re1 Nc8 22.Rcd1 a6
23.Qf3 Nd6 24.g4 f6 25.e5 fxe5 26.dxe5 Nf7 27.Bb6 Rxd1 28.Rxd1 Be7 29.Bf1 Bd8
30.Qf2 Bxb6 31.Qxb6 Rd8 32.Rxd8+ Qxd8 33.Qxd8+ Nxd8 34.b4 Bc2 35.h4 g5 36.hxg5 hxg5
37.Kf2 gxf4 38.Kf3 Nf7 39.Kxf4 Nh8 40.Ke3 Kf7 41.Kd2 Bh7 42.Na4 Ke7 43.Kc3 Nf7
44.Kd4 Bc2 45.Nc5 b6 46.Nxa6 Bd1 47.Bg2 Bxg4 48.Bxc6 Kd8 49.a4 Kc8 50.b5 Nd8
51.Be8 Nb7 52.Kc3 Bd1 53.Kb4 Bc2 54.Bh5 Be4 55.Bg4 Bd5 56.Bd1 Nd8 57.Kc3 Nf7
58.Kd4 Ng5 59.Nb4 Bg2 60.Nd3 Bd5 61.Nf4 Ba2 62.Nd3 Bd5 63.Nb4 Bg2 64.Na2 Kc7
65.Nc3 Bh1 66.Ke3 Nh7 67.Bg4 Nf8 68.Kd4 Bg2 69.Ke3 Ng6 70.Kd4 Nf8 71.Bd1 Bb7
72.Bb3 Bg2 73.Ne2 Bf3 74.Nf4 Bg4 75.Kc3 Nd7 76.Kd4 Nf8 77.Bc2 Nd7 78.Ng2 Bf3
79.Ne3 Be2 80.Bb3 Nc5 81.Bc2 Nd7 82.Ng2 Bg4 83.Nf4 Nf8 84.Bb3 Bf5 85.Nh5 Nd7
86.Ng7 Nc5 87.Nxf5 Nxb3+ 88.Kc3 exf5 89.Kxb3 Kd7 90.Kc3 f4 91.Kd4 f3 92.Ke3 Ke6
93.a5 bxa5 94.b6 a4 95.b7 a3 96.b8=Q a2 97.Qd6+  1-0

[Event "BDO Masters"]
[Site "Haarlem NED"]
[Date "2005.09.02"]
[Round "7"]
[White "Balint,A"]
[Black "Gaprindashvili,N1"]
[Result "1-0"]
[WhiteElo "2293"]
[BlackElo "2318"]

1.e4 b6 2.c4 Bb7 3.Nc3 e6 4.d4 d6 5.Be3 c5 6.Nge2 Nf6 7.f3 Be7 8.Qd2 a6 9.g4 Nc6
10.Bg2 cxd4 11.Nxd4 Ne5 12.Qe2 Rc8 13.g5 Nh5 14.f4 Nxc4 15.Nxe6 fxe6 16.Qxh5+ g6
17.Qe2 Nxe3 18.Qxe3 Bc6 19.h4 O-O 20.h5 gxh5 21.Rxh5 Be8 22.Rxh7 Kxh7 23.Qh3+ Kg8
24.Qxe6+ Bf7 25.Qh6 Rxc3 26.g6 Bh4+ 27.Kd2 Bxg6 28.Qxg6+ Kh8 29.bxc3 Rxf4
30.Rh1 Qe7 31.Qh6+ Kg8 32.Bh3 Bg5 33.Qe6+ Qxe6 34.Bxe6+ Kg7 35.Kd3 Rf3+ 36.Kc4 Kf6
37.Bd5 Bd2 38.e5+  1-0